Statystyki dla CO SPRZEDAWANE JEST W BUTELKACH?

Kliknij tutaj aby rozwiązać quiz!

Ogólne statystyki

  • Ten quiz został rozwiązany 288 razy
  • Średni wynik to 5 z 8

Statystyki odpowiedzi

Odpowiedź% Poprawnych
PIWO
90%
WODA
90%
SOK
82%
WÓDKA
79%
MLEKO
64%
OLEJ
38%
NAPOJE GAZOWANE
22%
OLIWA Z OLIWEK
4%

Rozkład punktacji

Percentyl według liczby udzielonych odpowiedzi

Procent ludzi z każdym wynikiem

Twoja historia wyników

Nie rozwiązałeś tego quizu